[Event "HZ Chess Tournament 2023"]
[Site "Vlissingen, Netherlands"]
[Date "2023.08.09"]
[Round "6.14"]
[White "Verduyn, Frederic"]
[Black "De Jong, Migchiel"]
[Result "0-1"]
[WhiteElo "2119"]
[BlackElo "2313"]
[PlyCount "106"]

1. d4 e6 2. Bf4 d5 3. e3 Bd6 4. Nf3 Nf6 5. Ne5 O-O 6. Nd2 c5 7. c3 Nc6 8. Bd3
Qc7 9. Ndf3 b6 10. h4 Bb7 11. h5 Ne4 12. h6 g6 13. Nxc6 Bxf4 14. Nce5 Bxe5 15.
Nxe5 f6 16. Nf3 e5 17. dxe5 Nxf2 18. Kxf2 fxe5 19. c4 e4 20. cxd5 Bxd5 21. Bxe4
Bxe4 22. Qb3+ c4 23. Qc3 Rf7 24. Rh4 Bxf3 25. gxf3 Raf8 26. Qxc4 Qxc4 27. Rxc4
Rxf3+ 28. Ke2 Rh3 29. Rd1 Rh2+ 30. Ke1 Rxh6 31. Rd7 Rh1+ 32. Ke2 Rf7 33. Rcc7
Rxd7 34. Rxd7 Rh2+ 35. Kf3 a5 36. b3 Rxa2 37. Rb7 Rb2 38. Rxb6 a4 39. b4 a3 40.
Ra6 a2 41. b5 Kg7 42. b6 h5 43. b7 Rxb7 44. Rxa2 Rf7+ 45. Kg3 g5 46. Ra5 Kg6
47. e4 h4+ 48. Kg2 Rf4 49. Ra6+ Kh5 50. e5 Re4 51. e6 Kg4 52. Rb6 Kf5 53. Rb5+
Kf6 0-1

[Event "HZ Chess Tournament 2023"]
[Site "Vlissingen, Netherlands"]
[Date "2023.08.09"]
[Round "6.15"]
[White "Eidelman, Gabriel"]
[Black "Maters, Arthur"]
[Result "1-0"]
[WhiteElo "2204"]
[BlackElo "2131"]
[PlyCount "49"]

1. d4 d5 2. c4 dxc4 3. Nf3 Nf6 4. e3 e6 5. Bxc4 a6 6. O-O c5 7. b3 Be7 8. Bb2
Nc6 9. Be2 O-O 10. Nbd2 cxd4 11. Nxd4 Nxd4 12. Bxd4 Bd7 13. Bf3 Nd5 14. Nc4 Bc6
15. Qd2 Nb4 16. Be2 Be4 17. Qb2 Bf6 18. Rad1 b5 19. Bxf6 Qxf6 20. Qxf6 gxf6 21.
Nb6 Nxa2 22. Nxa8 Nc3 23. Bd3 Bxd3 24. Rxd3 Nd5 25. e4 1-0

[Event "HZ Chess Tournament 2023"]
[Site "Vlissingen, Netherlands"]
[Date "2023.08.09"]
[Round "6.16"]
[White "Arnold, Rhys"]
[Black "Grochal, Joey"]
[Result "1/2-1/2"]
[WhiteElo "2098"]
[BlackElo "2280"]
[PlyCount "54"]

1. e4 c5 2. Nf3 e6 3. d4 cxd4 4. Nxd4 Nf6 5. Nc3 Nc6 6. Ndb5 Bc5 7. Bf4 O-O 8.
Bc7 Qe7 9. Bd6 Bxd6 10. Qxd6 Ne8 11. Qxe7 Nxe7 12. O-O-O f5 13. Nd6 Nxd6 14.
Rxd6 fxe4 15. Nxe4 Nf5 16. Rd2 d5 17. Nc3 Bd7 18. Bb5 Bc6 19. Bxc6 bxc6 20. Re1
Rae8 21. f4 Nd6 22. g3 g5 23. fxg5 e5 24. Rde2 e4 25. Na4 Nf7 26. c4 Nxg5 27.
Nc3 Rd8 1/2-1/2

[Event "HZ Chess Tournament 2023"]
[Site "Vlissingen, Netherlands"]
[Date "2023.08.09"]
[Round "6.17"]
[White "Ciolek, Andreas"]
[Black "Gijsen, William"]
[Result "1-0"]
[WhiteElo "2273"]
[BlackElo "2111"]
[PlyCount "117"]

1. d4 Nf6 2. c4 e6 3. Nc3 d5 4. cxd5 exd5 5. Bg5 c6 6. e3 Be7 7. Bd3 O-O 8. Qc2
h6 9. Bh4 b6 10. Nge2 Na6 11. a3 c5 12. O-O Nc7 13. dxc5 bxc5 14. Rfd1 Qe8 15.
Bg3 Ne6 16. Bb5 Bd7 17. Bxd7 Qxd7 18. Nxd5 Nxd5 19. e4 Ne3 20. fxe3 Qb7 21. Nc3
Rfe8 22. Nd5 Bf8 23. Rab1 a5 24. b3 Rac8 25. Qc4 Ng5 26. e5 Ne6 27. Nc3 Rb8 28.
Ne4 Red8 29. Nd6 Qb6 30. Rf1 Rd7 31. Rf2 Ra7 32. Rbb2 Rd7 33. h4 Ra7 34. Kh2
Rd7 35. Rfd2 Ra7 36. Rd3 Qa6 37. Qxa6 Rxa6 38. a4 g6 39. Nb5 Rc8 40. Rc2 Rd8
41. Rxd8 Nxd8 42. Rd2 Ne6 43. Rd7 Rc6 44. Nd6 Rb6 45. Rb7 Rc6 46. Nc4 Ra6 47.
Rb5 Nc7 48. Rxa5 Re6 49. Ra7 Nd5 50. a5 Nb4 51. Rb7 Be7 52. Rb6 Kf8 53. Be1 Na6
54. Nd6 Nc7 55. a6 Rxe5 56. Nc4 Re6 57. a7 Bd8 58. Rxe6 fxe6 59. Ba5 1-0

[Event "HZ Chess Tournament 2023"]
[Site "Vlissingen, Netherlands"]
[Date "2023.08.09"]
[Round "6.18"]
[White "Emans, Job"]
[Black "De Boer, Eelke"]
[Result "0-1"]
[WhiteElo "2084"]
[BlackElo "2270"]
[PlyCount "58"]

1. d4 Nf6 2. c4 e6 3. Nc3 Bb4 4. e3 O-O 5. Bd2 d5 6. Nf3 a6 7. cxd5 exd5 8. Bd3
Re8 9. Ne5 c5 10. O-O Nc6 11. Nxc6 bxc6 12. a3 Bxc3 13. Bxc3 c4 14. Bc2 Ne4 15.
Be1 Bf5 16. Ba4 Re6 17. f3 Nf6 18. Bh4 Rxe3 19. Bxc6 Rc8 20. Qc1 Re2 21. Ba4
Qb6 22. Qf4 Bg6 23. Rae1 Rxb2 24. g4 h6 25. Rc1 c3 26. Bxf6 Qxf6 27. Qxf6 gxf6
28. Rf2 c2 29. Kg2 Rc4 0-1

[Event "HZ Chess Tournament 2023"]
[Site "Vlissingen, Netherlands"]
[Date "2023.08.09"]
[Round "6.19"]
[White "Van der Hagen, Loek"]
[Black "Baarslag, Ed"]
[Result "1-0"]
[WhiteElo "2269"]
[BlackElo "2086"]
[PlyCount "97"]

1. e4 c6 2. Nc3 d5 3. Nf3 dxe4 4. Nxe4 Nf6 5. Qe2 Nxe4 6. Qxe4 Nd7 7. Bc4 Nf6
8. Ne5 e6 9. Qe2 b5 10. Bd3 Qc7 11. a4 Bd6 12. Nxc6 b4 13. Nd4 a6 14. Nf5 Bb7
15. Nxd6+ Qxd6 16. O-O h5 17. Qe3 Rd8 18. f3 b3 19. Ra3 bxc2 20. Bxc2 Nd5 21.
Qf2 h4 22. h3 Nb4 23. Bb1 Qd4 24. Rc3 Qxf2+ 25. Kxf2 a5 26. Rd1 O-O 27. d3 Rc8
28. Bd2 Nd5 29. Rxc8 Rxc8 30. Rc1 Rxc1 31. Bxc1 Ne7 32. Bd2 Nc6 33. Bg5 f6 34.
Bxh4 Nb4 35. Bg3 Bc6 36. Bc7 Bxa4 37. Bxa5 Nc6 38. Bc3 Bb3 39. Ke2 Kf7 40. g4
g5 41. f4 Ne7 42. fxg5 fxg5 43. Kf3 Ng6 44. Bd2 Kf6 45. d4 Ne7 46. Kg3 Ng6 47.
Be4 Nh4 48. Ba5 Ke7 49. Bc7 1-0

[Event "HZ Chess Tournament 2023"]
[Site "Vlissingen, Netherlands"]
[Date "2023.08.09"]
[Round "6.20"]
[White "Van der Zalm, Marnix"]
[Black "Syrov, Arkadi"]
[Result "0-1"]
[WhiteElo "2083"]
[BlackElo "2263"]
[PlyCount "98"]

1. Nf3 d5 2. d4 Nf6 3. c4 e6 4. cxd5 exd5 5. Nc3 c6 6. Bg5 Be7 7. e3 Bf5 8. Bd3
Bxd3 9. Qxd3 Nbd7 10. O-O O-O 11. Rac1 Re8 12. Bxf6 Nxf6 13. Ne5 Bd6 14. f4 Bb4
15. a3 Bxc3 16. bxc3 Ne4 17. c4 f6 18. cxd5 cxd5 19. Nf3 Qd7 20. Nd2 Nd6 21.
Qb3 Nf5 22. Rc3 Rac8 23. Rfc1 Rxc3 24. Rxc3 h5 25. Nf1 b6 26. Qc2 Re7 27. g3
Kf7 28. Qb3 Qe6 29. Qc2 Qe4 30. Qxe4 Rxe4 31. Kf2 Re7 32. Rc6 Ke8 33. Rc8+ Kd7
34. Rh8 Nh6 35. a4 Kc6 36. Rd8 Nf7 37. Rc8+ Kb7 38. Rc2 Ka6 39. Nd2 Ka5 40. Ra2
Nd6 41. Ke2 Nf5 42. Nf1 Nxd4+ 43. Kd3 Nf5 44. h3 Re4 45. g4 hxg4 46. hxg4 Nd6
47. Nd2 Rb4 48. Ra3 Ne4 49. Nb3+ Rxb3+ 0-1

[Event "HZ Chess Tournament 2023"]
[Site "Vlissingen, Netherlands"]
[Date "2023.08.09"]
[Round "6.21"]
[White "Voege, Tobias"]
[Black "Van Houtte, Randy"]
[Result "1-0"]
[WhiteElo "2257"]
[BlackElo "2079"]
[PlyCount "109"]

1. d4 d5 2. Nc3 Nf6 3. Bf4 c5 4. e3 cxd4 5. exd4 Bg4 6. f3 Bd7 7. Nb5 Bxb5 8.
Bxb5+ Nc6 9. c3 Qb6 10. Qe2 e6 11. Nh3 a6 12. Bd3 h6 13. O-O Nh5 14. Bg6 Nxd4
15. cxd4 fxg6 16. Be5 Bd6 17. g4 Bxe5 18. Qxe5 Nf6 19. g5 hxg5 20. Nxg5 Rh5 21.
Rac1 Kf8 22. Rf2 Kg8 23. Rfc2 Rf8 24. Qxe6+ Qxe6 25. Nxe6 Re8 26. Rc8 Rxc8 27.
Rxc8+ Kf7 28. Nd8+ Ke7 29. Nxb7 Kd7 30. Rc2 Rf5 31. Kg2 Rf4 32. Nc5+ Kd6 33.
Rd2 Nh7 34. Kg3 g5 35. Nxa6 Nf8 36. Nc5 Ng6 37. Nb3 Nh4 38. Rd3 Nf5+ 39. Kg2
Nh4+ 40. Kf2 g4 41. Kg3 g5 42. fxg4 Rf1 43. Nd2 Rg1+ 44. Kf2 Rxg4 45. h3 Rf4+
46. Ke2 Nf5 47. Nf3 Ng3+ 48. Ke1 Ne4 49. a4 Kc6 50. Ne5+ Kb6 51. Rb3+ Ka6 52.
Nd3 Rh4 53. Nb4+ Ka5 54. Nc6+ Ka6 55. a5 1-0

[Event "HZ Chess Tournament 2023"]
[Site "Vlissingen, Netherlands"]
[Date "2023.08.09"]
[Round "6.22"]
[White "Loef, Dirk"]
[Black "Elgersma, Onno"]
[Result "0-1"]
[WhiteElo "2082"]
[BlackElo "2256"]
[PlyCount "46"]

1. e4 c6 2. d3 d5 3. Nd2 e5 4. Ngf3 Bd6 5. Be2 Nf6 6. O-O O-O 7. d4 Nxe4 8.
Nxe4 dxe4 9. Nxe5 Be6 10. c3 Nd7 11. Qc2 f5 12. Bc4 Bxc4 13. Nxc4 Nb6 14. Bg5
Bxh2+ 15. Kxh2 Qxg5 16. Nxb6 axb6 17. Qb3+ Kh8 18. Qxb6 f4 19. f3 e3 20. Kg1
Rf6 21. Qxb7 Raf8 22. Qd7 Rf5 23. Rae1 Qg6 0-1

[Event "HZ Chess Tournament 2023"]
[Site "Vlissingen, Netherlands"]
[Date "2023.08.09"]
[Round "6.23"]
[White "Smeets, Kobe"]
[Black "Lacrosse, Marc"]
[Result "1-0"]
[WhiteElo "2245"]
[BlackElo "2063"]
[PlyCount "115"]

1. e4 e5 2. Nf3 Nc6 3. Bb5 a6 4. Ba4 Nf6 5. O-O Nxe4 6. d4 b5 7. Bb3 d5 8. dxe5
Be6 9. c3 Be7 10. Nbd2 O-O 11. Bc2 f5 12. Nb3 Qd7 13. Nbd4 Nd8 14. a4 b4 15.
Bb3 c6 16. Nxe6 Nxe6 17. c4 d4 18. c5 Bxc5 19. Nxd4 Qxd4 20. Bxe6+ Kh8 21. Qxd4
Bxd4 22. Bd7 Bxe5 23. Bxc6 Rad8 24. a5 Rf6 25. Bxe4 fxe4 26. Bg5 Bxb2 27. Rab1
Bc3 28. Bxf6 gxf6 29. Rfd1 Rd3 30. Kf1 Kg7 31. Ke2 Rxd1 32. Kxd1 Kf7 33. Kc2
Ke6 34. Rd1 Be5 35. Kb3 Bd6 36. Kc4 f5 37. g3 h5 38. h3 Ke5 39. Rd5+ Ke6 40.
Rd1 Ke5 41. Re1 Ke6 42. Re2 Kf6 43. Re1 Ke6 44. Rg1 Kf6 45. g4 fxg4 46. hxg4 h4
47. Kd5 Bc7 48. Kxe4 Kg5 49. Rc1 Bf4 50. Rc8 Bd6 51. Rd8 Bc7 52. Rd7 Bxa5 53.
Rd5+ Kxg4 54. Rxa5 h3 55. Rxa6 b3 56. Ra1 h2 57. Rh1 Kh3 58. Kf3 1-0

[Event "HZ Chess Tournament 2023"]
[Site "Vlissingen, Netherlands"]
[Date "2023.08.09"]
[Round "6.24"]
[White "Bezemer, Arno"]
[Black "Van Gemert, Rogier"]
[Result "1-0"]
[WhiteElo "2223"]
[BlackElo "1913"]
[PlyCount "39"]

1. e4 g6 2. d4 Bg7 3. Nc3 a6 4. f4 d5 5. Nxd5 Nc6 6. c3 f5 7. Bd3 Qd6 8. Nf3
Be6 9. Ne3 fxe4 10. Bxe4 Qxf4 11. Bc2 Qf8 12. O-O Nf6 13. Ng5 Bg8 14. Ba4 h6
15. Ne4 b5 16. Bc2 O-O-O 17. a4 e5 18. axb5 axb5 19. Nxf6 Bxf6 20. Qf3 1-0

[Event "HZ Chess Tournament 2023"]
[Site "Vlissingen, Netherlands"]
[Date "2023.08.09"]
[Round "6.25"]
[White "Van Batenburg, Mees"]
[Black "Tiggelman, Rene"]
[Result "1/2-1/2"]
[WhiteElo "2080"]
[BlackElo "2201"]
[PlyCount "117"]

1. e4 c5 2. Nf3 d6 3. d4 cxd4 4. Nxd4 Nf6 5. Nc3 g6 6. Be3 Bg7 7. f3 O-O 8. Qd2
Nc6 9. O-O-O d5 10. exd5 Nxd5 11. Nxc6 bxc6 12. Bd4 Bxd4 13. Qxd4 Qb6 14. Qe5
Nxc3 15. Qxc3 Be6 16. h4 Rfd8 17. Re1 Qd4 18. Qxd4 Rxd4 19. h5 Kg7 20. Re5 Rad8
21. Bd3 R4d5 22. Rxd5 cxd5 23. Kd2 Kf6 24. Rh4 Bf5 25. hxg6 hxg6 26. Ra4 Rd7
27. Ke3 e5 28. c3 Bxd3 29. Kxd3 Kf5 30. Ke3 f6 31. f4 exf4+ 32. Rxf4+ Ke5 33.
Rd4 Rc7 34. Kd3 f5 35. b3 g5 36. c4 dxc4+ 37. bxc4 Rc5 38. g3 Ra5 39. Rd8 Ra3+
40. Kc2 Rxa2+ 41. Kb3 Rg2 42. Rd3 f4 43. gxf4+ gxf4 44. Rd7 f3 45. Rxa7 f2 46.
Rf7 Ke4 47. Kb4 Ke3 48. Re7+ Kf3 49. Rf7+ Kg3 50. c5 Rg1 51. c6 f1=Q 52. Rxf1
Rxf1 53. Kc5 Kf4 54. Kd6 Kf5 55. c7 Kf6 56. c8=Q Rd1+ 57. Kc7 Rc1+ 58. Kb7 Rxc8
59. Kxc8 1/2-1/2

[Event "HZ Chess Tournament 2023"]
[Site "Vlissingen, Netherlands"]
[Date "2023.08.09"]
[Round "6.27"]
[White "Nieuwelink, Kees"]
[Black "Boeren, Jurriaan"]
[Result "0-1"]
[WhiteElo "2165"]
[BlackElo "2039"]
[PlyCount "28"]

1. f4 d5 2. Nf3 Bg4 3. e3 Nd7 4. d4 e6 5. Be2 g6 6. O-O Bg7 7. Nbd2 c5 8. c3
Ne7 9. Qe1 O-O 10. Bd3 Rc8 11. Ne5 Bf5 12. Be2 f6 13. g4 fxe5 14. gxf5 Nxf5 0-1

[Event "HZ Chess Tournament 2023"]
[Site "Vlissingen, Netherlands"]
[Date "2023.08.09"]
[Round "6.28"]
[White "Boelhouwer, Collin"]
[Black "Kliashtornyi, Arkadii"]
[Result "1/2-1/2"]
[WhiteElo "2134"]
[BlackElo "1975"]
[PlyCount "75"]

1. e4 c6 2. Nc3 d5 3. Nf3 Bg4 4. h3 Bxf3 5. Qxf3 Nf6 6. Be2 e6 7. O-O Nbd7 8.
d4 dxe4 9. Nxe4 Nxe4 10. Qxe4 Nf6 11. Qd3 Bd6 12. c3 Bc7 13. a4 O-O 14. Re1 Qd6
15. g3 Rfd8 16. Qf3 Qd5 17. Qe3 Qe4 18. Qxe4 Nxe4 19. Bf3 Nf6 20. b4 Nd5 21.
Bd2 a6 22. a5 Bd6 23. Rab1 h6 24. h4 Nc7 25. Kg2 Be7 26. Bg4 Bf6 27. f4 Nb5 28.
Be2 Re8 29. Bd3 Rad8 30. Re3 Re7 31. Rbe1 Red7 32. Bc2 Nd6 33. Bc1 Nf5 34. R3e2
h5 35. Bb3 g6 36. Bb2 Kg7 37. Kh3 Nh6 38. Kg2 1/2-1/2

[Event "HZ Chess Tournament 2023"]
[Site "Vlissingen, Netherlands"]
[Date "2023.08.09"]
[Round "6.29"]
[White "Vandevenne, Sander"]
[Black "Vos de Wael, Alexander"]
[Result "1-0"]
[WhiteElo "2125"]
[BlackElo "1760"]
[PlyCount "73"]

1. e4 c6 2. d4 d5 3. Nc3 dxe4 4. Nxe4 Nf6 5. Nxf6+ exf6 6. Bc4 Na6 7. Nf3 Bd6
8. O-O O-O 9. h3 Nc7 10. Re1 Be6 11. Bf1 Re8 12. c4 Qd7 13. Be3 Rad8 14. Qc2 h5
15. d5 cxd5 16. Bxa7 dxc4 17. Bxc4 Nd5 18. Bd4 b5 19. Bb3 Bf5 20. Rxe8+ Rxe8
21. Qd1 Nf4 22. Be3 Nxg2 23. Kxg2 Bxh3+ 24. Kh1 Qg4 25. Ne1 Qh4 26. Qxd6 Re5
27. Ng2 Bxg2+ 28. Kxg2 Qg4+ 29. Kf1 Rxe3 30. fxe3 Qf3+ 31. Ke1 Qxe3+ 32. Kd1
Qg1+ 33. Kc2 Qxa1 34. Qd8+ Kh7 35. Bxf7 Qe1 36. Qd3+ Kh6 37. Qg6# 1-0

[Event "HZ Chess Tournament 2023"]
[Site "Vlissingen, Netherlands"]
[Date "2023.08.09"]
[Round "6.31"]
[White "Galle, Andre"]
[Black "Van Baar, Esper"]
[Result "0-1"]
[WhiteElo "1978"]
[BlackElo "2179"]
[PlyCount "106"]

1. d4 d5 2. Nf3 c6 3. g3 Nf6 4. Bg2 Bf5 5. O-O h6 6. b3 e6 7. Bb2 Be7 8. Nbd2
Ne4 9. c4 Nd7 10. Rc1 O-O 11. e3 a5 12. a3 Re8 13. Nxe4 Bxe4 14. Nd2 Bxg2 15.
Kxg2 Rc8 16. Qc2 Nf6 17. Rfd1 h5 18. h4 Qd7 19. c5 b5 20. b4 Ra8 21. Bc3 Bd8
22. Ra1 a4 23. f3 Bc7 24. f4 Ng4 25. Qd3 f6 26. Nf3 Rf8 27. Re1 Rae8 28. Ra2
Qf7 29. Rae2 Nh6 30. Rg1 Nf5 31. Kh2 Qg6 32. Reg2 Qg4 33. e4 Nh6 34. e5 Nf5 35.
Kh1 Qh3+ 36. Nh2 Nxh4 37. Rd2 Nf5 38. g4 hxg4 39. Qxh3 gxh3 40. Ng4 Kf7 41. Rh2
Rh8 42. Be1 Nxd4 43. Rf1 Nf5 44. Rf3 Kg6 45. Bc3 d4 46. Be1 Nh6 47. Rfxh3 Nf7
48. Rxh8 Rxh8 49. Rxh8 Nxh8 50. exf6 gxf6 51. Bh4 Kh5 52. Bxf6 Kxg4 53. Bxh8 d3
0-1

[Event "HZ Chess Tournament 2023"]
[Site "Vlissingen, Netherlands"]
[Date "2023.08.09"]
[Round "6.32"]
[White "Haak, Eelco"]
[Black "Weber, Dirk"]
[Result "0-1"]
[WhiteElo "1923"]
[BlackElo "2151"]
[PlyCount "106"]

1. d4 Nf6 2. c4 c5 3. d5 b5 4. cxb5 a6 5. bxa6 Bxa6 6. Nc3 d6 7. Nf3 g6 8. e4
Bxf1 9. Kxf1 Bg7 10. g3 O-O 11. Kg2 Nbd7 12. a4 Qa5 13. Bd2 Rfb8 14. Nb5 Qb6
15. Qc2 Ne8 16. Bc3 Nc7 17. Nxc7 Qxc7 18. Bxg7 Kxg7 19. Rhc1 Qb7 20. Qc3+ f6
21. Ng5 Qxb2 22. Ne6+ Kg8 23. a5 Qb4 24. Qe3 Nf8 25. Nxf8 Kxf8 26. a6 Rb6 27.
Qe2 Qb5 28. Qxb5 Rxb5 29. Rc4 Ra7 30. Ra3 Ke8 31. Kf3 Kd7 32. Ke3 Kc7 33. f4
Kb6 34. Rca4 Rb4 35. Ra5 f5 36. exf5 gxf5 37. h3 h5 38. Kf3 Rd4 39. g4 hxg4+
40. hxg4 fxg4+ 41. Kxg4 Rxd5 42. Ra2 Rd4 43. Kf3 Rb4 44. R5a3 d5 45. f5 Rb1 46.
Kf4 Kc6 47. Re2 Kb5 48. Ke5 Kc6 49. Rh3 c4 50. Rh6+ Kc5 51. Re6 d4 52. Ke4 d3
53. Re5+ Kb4 0-1

[Event "HZ Chess Tournament 2023"]
[Site "Vlissingen, Netherlands"]
[Date "2023.08.09"]
[Round "6.34"]
[White "Finkenflugel, Renzo"]
[Black "Verbeeren, Peter"]
[Result "1-0"]
[WhiteElo "2113"]
[BlackElo "1940"]
[PlyCount "79"]

1. e4 d5 2. exd5 Qxd5 3. Nf3 Nc6 4. Nc3 Qa5 5. Bb5 Bd7 6. a3 a6 7. Ba4 Bg4 8.
d4 e6 9. d5 exd5 10. b4 Bxb4 11. axb4 Qxb4 12. Qd4 Qe7+ 13. Be3 Bxf3 14. gxf3
Nf6 15. Nxd5 Nxd5 16. Qxd5 O-O 17. O-O Rfd8 18. Qe4 Qxe4 19. fxe4 Na5 20. Rfd1
Nc4 21. Rxd8+ Rxd8 22. Bf4 c6 23. Kg2 Rd4 24. f3 h6 25. h4 Kh7 26. Bb3 b5 27.
Rxa6 c5 28. Rc6 Na5 29. Rxc5 Nxb3 30. cxb3 Rb4 31. Rc3 f5 32. Bd6 Rd4 33. Be5
Rd2+ 34. Kg3 fxe4 35. fxe4 Kg6 36. b4 Re2 37. Kf3 Ra2 38. Rc6+ Kh5 39. Bxg7
Ra3+ 40. Kf4 1-0

[Event "HZ Chess Tournament 2023"]
[Site "Vlissingen, Netherlands"]
[Date "2023.08.09"]
[Round "6.35"]
[White "Coenen, Eduard"]
[Black "Woltery, Nicolai"]
[Result "0-1"]
[WhiteElo "2069"]
[BlackElo "1894"]
[PlyCount "124"]

1. d4 Nf6 2. c3 d5 3. Bg5 Ne4 4. Bf4 c5 5. e3 Nc6 6. Nd2 Nf6 7. Ngf3 e6 8. Bd3
Bd6 9. Ne5 Qc7 10. Ndf3 O-O 11. O-O b6 12. Nxc6 Bxf4 13. Nce5 Bh6 14. g4 Ne4
15. Bxe4 dxe4 16. g5 f6 17. gxh6 exf3 18. Nxf3 Bb7 19. Nd2 gxh6 20. f3 Kh8 21.
Kh1 Rg8 22. Qe2 Rg5 23. Ne4 Rf5 24. Ng3 Rg5 25. dxc5 Rag8 26. cxb6 Qe5 27. Rg1
h5 28. Qf2 h4 29. Ne2 axb6 30. Raf1 h3 31. Rg3 Rxg3 32. hxg3 Ba6 33. Rg1 Bxe2
34. Qxe2 Rxg3 35. Qf2 Rg5 36. f4 Qd5+ 37. Kh2 Rxg1 38. Kxg1 Qxa2 39. Kh2 Qd5
40. Kxh3 Qh1+ 41. Kg3 h5 42. Qf3 h4+ 43. Kf2 Qa1 44. Qe2 Qc1 45. Kg2 Kh7 46.
Qf2 Kg7 47. e4 Qb1 48. Qe2 Kh6 49. e5 Qg6+ 50. Kh1 Qb1+ 51. Kh2 Qf5 52. Qe3
fxe5 53. fxe5+ Kh5 54. b4 Qc2+ 55. Kh3 Qf5+ 56. Kg2 Qc2+ 57. Kf3 h3 58. Qe1
Qg2+ 59. Kf4 Qg4+ 60. Ke3 h2 61. Kd3 Qf3+ 62. Kc4 Qd5# 0-1

[Event "HZ Chess Tournament 2023"]
[Site "Vlissingen, Netherlands"]
[Date "2023.08.09"]
[Round "6.36"]
[White "Van de Braak, Joey"]
[Black "Romkes, Abel"]
[Result "0-1"]
[WhiteElo "1899"]
[BlackElo "2064"]
[PlyCount "114"]

1. c4 Nf6 2. Nf3 e6 3. d4 d5 4. Nc3 dxc4 5. e3 a6 6. a4 c5 7. Bxc4 Nc6 8. O-O
Be7 9. dxc5 O-O 10. e4 Bxc5 11. Qxd8 Rxd8 12. Bg5 h6 13. Bxf6 gxf6 14. Rfd1 Bd7
15. Rac1 Rac8 16. Bf1 Bb4 17. Ne2 Kf8 18. b3 Ke7 19. Rc4 Bd6 20. Nc1 Ne5 21.
Nxe5 fxe5 22. Na2 Rxc4 23. Bxc4 Rc8 24. Bd3 a5 25. Kf1 Ba3 26. Ke2 Bb2 27. Rd2
Bd4 28. Rc2 Rxc2+ 29. Bxc2 Kd6 30. f3 Kc5 31. g4 Bg1 32. h4 b5 33. h5 Kd4 34.
Nc1 f6 35. axb5 Bxb5+ 36. Bd3 Bxd3+ 37. Nxd3 Kc3 38. Nxe5 Kxb3 39. Nd3 a4 40.
f4 a3 41. g5 fxg5 42. fxg5 hxg5 43. h6 Bd4 44. e5 a2 45. h7 a1=Q 46. h8=Q Qa2+
47. Kf3 Kc3 48. Qh3 Kxd3 49. Kg4+ Be3 50. Qh7+ Kd4 51. Qd7+ Qd5 52. Qa7+ Kxe5
53. Qc7+ Ke4 54. Qc2+ Kd4 55. Qb2+ Kc4 56. Qa2+ Kb5 57. Qb1+ Kc5 0-1

[Event "HZ Chess Tournament 2023"]
[Site "Vlissingen, Netherlands"]
[Date "2023.08.09"]
[Round "6.37"]
[White "Bakker, Jouke"]
[Black "De Man, Luuk"]
[Result "1-0"]
[WhiteElo "2051"]
[BlackElo "1889"]
[PlyCount "129"]

1. e4 c5 2. Nf3 d6 3. d4 cxd4 4. Nxd4 Nf6 5. Nc3 Nc6 6. Bg5 e6 7. Qd2 a6 8.
O-O-O Bd7 9. Kb1 Nxd4 10. Qxd4 Be7 11. Rg1 Qc7 12. g4 Qc5 13. Qd2 b5 14. Be3
Qc7 15. g5 Nh5 16. f4 b4 17. Ne2 a5 18. Bh3 g6 19. f5 gxf5 20. exf5 exf5 21.
Nf4 Nxf4 22. Bxf4 Be6 23. Bf1 Rb8 24. Rg3 a4 25. Rd3 b3 26. cxb3 axb3 27. a3
O-O 28. Rc1 Qb7 29. Bxd6 Bxd6 30. Rxd6 Rfc8 31. Rxc8+ Rxc8 32. Rd8+ Rxd8 33.
Qxd8+ Kg7 34. Qd4+ Kg8 35. Qd8+ Kg7 36. Qd3 Qe4 37. Kc1 Qe1+ 38. Qd1 Qf2 39.
Qe2 Qf4+ 40. Kd1 Qxg5 41. Qg2 Qg4+ 42. Qxg4+ fxg4 43. a4 f5 44. Bg2 f4 45. Bb7
Bc4 46. a5 g3 47. hxg3 fxg3 48. Ke1 Kf6 49. a6 Bxa6 50. Bxa6 Ke5 51. Bc4 h5 52.
Ke2 Kd4 53. Be6 h4 54. Bh3 Ke4 55. Bg2+ Kf4 56. Bf1 Kg4 57. Ke3 h3 58. Be2+ Kf5
59. Bf3 g2 60. Kf2 Kf4 61. Bd1 Ke4 62. Bxb3 Kd4 63. Be6 Kc5 64. Bxh3 Kb4 65.
Be6 1-0

[Event "HZ Chess Tournament 2023"]
[Site "Vlissingen, Netherlands"]
[Date "2023.08.09"]
[Round "6.38"]
[White "Fischer, Gert"]
[Black "Kindt, Manfred"]
[Result "0-1"]
[WhiteElo "1890"]
[BlackElo "2045"]
[PlyCount "115"]

1. Nf3 Nf6 2. g3 b6 3. Bg2 Bb7 4. O-O g6 5. b3 Bg7 6. Bb2 O-O 7. c4 c5 8. d3 d6
9. Nc3 Nbd7 10. e4 a6 11. a4 Nh5 12. Qe2 Rb8 13. Rad1 e5 14. Nh4 Bc6 15. Bf3
Nhf6 16. Ra1 Ne8 17. Bg4 Nc7 18. Bh3 Re8 19. Qd2 Ne6 20. Ne2 Ng5 21. Bg2 Bh6
22. Qc3 Ne6 23. Bc1 Bg7 24. Qc2 Rf8 25. Ra2 b5 26. axb5 axb5 27. Bd2 b4 28. Bh3
Qe7 29. Ra6 Rfc8 30. Rfa1 Ndf8 31. Qc1 Qd8 32. Nf3 Ra8 33. Ng5 Qe8 34. Nf3 Rcb8
35. Ne1 Qc8 36. Rxa8 Rxa8 37. Rxa8 Qxa8 38. Qb1 Nd8 39. Ng2 f5 40. f3 Bd7 41.
f4 Nc6 42. Ne3 exf4 43. gxf4 Nd4 44. Nxd4 Bxd4 45. Kg2 Ne6 46. Nd5 Qd8 47. Qe1
Ng7 48. exf5 gxf5 49. Kh1 Kf7 50. Be3 Qe8 51. Qf2 Bxe3 52. Nxe3 Qa8+ 53. Bg2
Qa1+ 54. Qf1 Qxf1+ 55. Bxf1 Nh5 56. Bh3 Nxf4 57. Bxf5 Bxf5 58. Nxf5 0-1

[Event "HZ Chess Tournament 2023"]
[Site "Vlissingen, Netherlands"]
[Date "2023.08.09"]
[Round "6.39"]
[White "Manshanden, Nick"]
[Black "Juergens, Florian"]
[Result "1-0"]
[WhiteElo "2040"]
[BlackElo "1874"]
[PlyCount "99"]

1. Nf3 c5 2. g3 g6 3. Bg2 Bg7 4. c4 Nc6 5. Nc3 e6 6. d4 Nxd4 7. Nxd4 cxd4 8.
Ne4 d5 9. Qa4+ Qd7 10. Nd6+ Ke7 11. Nxc8+ Rxc8 12. Qxd7+ Kxd7 13. cxd5 e5 14.
e4 Ne7 15. Kd1 Rc7 16. Bd2 h5 17. h4 Rhc8 18. Rc1 Rxc1+ 19. Bxc1 Rc7 20. Rf1
Nc8 21. Bh3+ Ke8 22. Ke2 Nd6 23. Kd3 b6 24. Re1 f6 25. f3 Nb7 26. Bd2 Nc5+ 27.
Ke2 Nb7 28. Rb1 Nd6 29. Rc1 Rxc1 30. Bxc1 Bf8 31. Kd3 Kd8 32. f4 Be7 33. fxe5
fxe5 34. Bh6 Bf6 35. Bf8 Kc7 36. Be6 g5 37. hxg5 Bxg5 38. Bg7 h4 39. gxh4 Bxh4
40. Bxe5 Bf2 41. Bxd4 Bxd4 42. Kxd4 Nb5+ 43. Ke5 a5 44. Bf5 a4 45. Ke6 Nd4+ 46.
Ke7 Kb7 47. d6 Nc6+ 48. Ke8 b5 49. Be6 Nd4 50. Bd5+ 1-0

[Event "HZ Chess Tournament 2023"]
[Site "Vlissingen, Netherlands"]
[Date "2023.08.09"]
[Round "6.40"]
[White "Hoffman, Ron"]
[Black "Verrijssen, Patrick"]
[Result "1/2-1/2"]
[WhiteElo "2028"]
[BlackElo "1850"]
[PlyCount "62"]

1. d4 Nf6 2. Bf4 d5 3. e3 Bf5 4. c4 e6 5. Nc3 c6 6. Qb3 Qb6 7. c5 Qxb3 8. axb3
Nbd7 9. b4 Be7 10. h3 O-O 11. Nf3 h6 12. Be2 a6 13. Nd2 Rac8 14. Nb3 Bd8 15.
Na5 Bxa5 16. bxa5 Rfe8 17. Bh2 e5 18. Kd2 Ne4+ 19. Nxe4 dxe4 20. Ra4 Rcd8 21.
Rc1 Nf6 22. Rb4 Bc8 23. Ke1 exd4 24. exd4 Nd5 25. Rb3 f5 26. Bc4 Kh7 27. Be5
Nf6 28. Rd1 Nd5 29. h4 Re7 30. Bd6 Rf7 31. g3 Be6 1/2-1/2

[Event "HZ Chess Tournament 2023"]
[Site "Vlissingen, Netherlands"]
[Date "2023.08.09"]
[Round "6.41"]
[White "Kaufmann, Thomas"]
[Black "Song, Ethan"]
[Result "0-1"]
[WhiteElo "1862"]
[BlackElo "2025"]
[PlyCount "70"]

1. e4 e5 2. Nf3 Nc6 3. Nc3 Nf6 4. h3 Bb4 5. Bd3 O-O 6. a3 Be7 7. O-O d5 8. exd5
Nxd5 9. Re1 Bf6 10. Ne4 Be6 11. b4 Nf4 12. Bf1 Bf5 13. Bb2 Re8 14. Kh2 Nd4 15.
d3 Ng6 16. Nxd4 exd4 17. Qf3 Be5+ 18. g3 Nh4 19. Qh1 Ng6 20. Qf3 Bd7 21. Kg1 f5
22. Nc5 Bc6 23. Qxf5 Qd5 24. Ne4 Rf8 25. Qg5 Qe6 26. Bg2 Rf5 27. Qg4 h5 28. Qe2
Raf8 29. Nc5 Qf7 30. Bxc6 Rxf2 31. Qxh5 bxc6 32. Ne4 Bxg3 33. Ng5 Rg2+ 34. Kh1
Rh2+ 35. Kg1 Qf2# 0-1

[Event "HZ Chess Tournament 2023"]
[Site "Vlissingen, Netherlands"]
[Date "2023.08.09"]
[Round "6.42"]
[White "Pluymert, Marcel"]
[Black "Verwoert, Jef"]
[Result "0-1"]
[WhiteElo "1854"]
[BlackElo "2023"]
[PlyCount "76"]

1. d4 Nf6 2. e3 g6 3. Bd3 b6 4. f4 Bb7 5. Nf3 d6 6. Nbd2 Nbd7 7. f5 Nd5 8. Qe2
Bh6 9. Nf1 gxf5 10. Bxf5 e6 11. e4 Nf4 12. Bxf4 Bxf4 13. Bh3 Qf6 14. N1d2 Qg6
15. g3 Bh6 16. Bg2 Nf6 17. Qb5+ c6 18. Qe2 Ng4 19. Nc4 Ke7 20. e5 d5 21. Nd6
Bc8 22. O-O f5 23. Nh4 Qg5 24. Rae1 Rg8 25. Rf3 f4 26. Rxf4 Nxh2 27. Rf7+ Kd8
28. Rxh7 Qxg3 29. Rxh6 Ng4 30. Nhf5 exf5 31. Rh7 Ne3 32. Rh2 f4 33. Qf2 Qg4 34.
Rxe3 fxe3 35. Qf6+ Kc7 36. Ne8+ Kb7 37. Qe7+ Bd7 38. Nd6+ Ka6 0-1